Science Quiz

Random Science or Century Quiz

20th Century Science Match-Up Quiz Stats

 Plays Quiz Updated Nov 20, 2014

Challenge
Share
Tweet
Score 0/30 Timer 05:00
1 Play Today
% Correct
Albert
98.9%
Big
96.8%
Dolly the
96%
Polio
95.4%
Hubble
95.3%
Marie
95.3%
Silicon
94.1%
Manhattan
93.6%
Dark
91.5%
Quantum
91.3%
Plate
91.1%
Richter
91%
Double
90.9%
Nikola
89.6%
Jacques
89.4%
% Correct
Radiocarbon
87%
Schrödinger's
85.7%
Niels
79.8%
Alexander
77.6%
Subrahmanyan
77.5%
Wave–particle
76.2%
Special
74.7%
Guglielmo
72%
Enrico
71.7%
Jonas
68.1%
Krebs
67.2%
Werner
64.7%
Linus
56.1%
Rosalind
50.6%
Gertrude
34.3%

You're not logged in!

Compare scores with friends on all Sporcle quizzes.
OR
Log In

You Might Also Like...

Show Comments

Extras

Top Quizzes Today


Score Distribution

Your Account Isn't Verified!

In order to create a playlist on Sporcle, you need to verify the email address you used during registration. Go to your Sporcle Settings to finish the process.

Report this User

Report this user for behavior that violates our Community Guidelines.

Details: